Instrucción de los libros que deben llevar las intervenciones y cajas de la Administración Económica Provincial (Record no. 153856)

MARC details
000 -LEADER
campo de control de longitud fija 01166nam a2200229 i 4500
001 - NÚMERO DE CONTROL
campo de control 153856
003 - IDENTIFICADOR DE NÚMERO DE CONTROL
campo de control ES-MaACL
005 - FECHA Y HORA DE LA ÚLTIMA TRANSACCIÓN
campo de control 20250826051135.0
008 - DATOS DE LONGITUD FIJA--INFORMACIÓN GENERAL
campo de control de longitud fija 981015s1870 sp |||| | spa d
040 ## - FUENTE DE CATALOGACIÓN
Centro catalogador/agencia de origen CCPB | B
Lengua de catalogación spa
Centro/agencia transcriptor CCPB | B
245 00 - MENCIÓN DEL TÍTULO
Título Instrucción de los libros que deben llevar las intervenciones y cajas de la Administración Económica Provincial
Resto del título : de los mandamientos de cargo y data para las cajas y almacenes ; de las cartas de pago, ó sean resguardos por ingresos que se realicen, y de otros varios documentos justificantes de las cuentas /
Mención de responsabilidad, etc. Dirección General de Contabilidad.
260 ## - PUBLICACIÓN, DISTRIBUCIÓN, ETC.
Lugar de publicación, distribución, etc. Madrid :
Nombre del editor, distribuidor, etc. [s.n.],
Fecha de publicación, distribución, etc. 1870 (
Fabricante Establecimiento tipográfico de T. Fortanet)
300 ## - DESCRIPCIÓN FÍSICA
Extensión 81, [112] p., [103] h. pleg. ;
Dimensiones 33 cm.
530 ## - NOTA DISPONIBLE DE FORMULARIO FÍSICO ADICIONAL
Nota de formato físico adicional disponible Disponible en formato digital.
594 ## - Nota al título y mención de responsabilidad
Nota al título y mención de responsabilidad Certifica la copia Mariano Cancio Villa-amil.
597 ## - NOTA DE DESCRIPCIÓN FÍSICA
NOTA DE DESCRIPCIÓN FÍSICA Port. con esc. real xil.
597 ## - NOTA DE DESCRIPCIÓN FÍSICA
NOTA DE DESCRIPCIÓN FÍSICA Texto con apostillas marginales.
650 #7 - PUNTO DE ACCESO ADICIONAL DE MATERIA--TÉRMINO DE MATERIA
Término de materia o nombre geográfico como elemento de entrada Hacienda local-
Subdivisión geográfica España
Fuente del encabezamiento o término
9 (RLIN) 163140
852 ## - LOCALIZACIÓN
Ubicación ES-MaACL
Número de control de estantería B-2936
Nota libre -- Enc. hol.
856 ## - LOCALIZACIÓN Y ACCESO ELECTRÓNICOS
Identificador Uniforme de Recursos <a href="http://bdh-rd.bne.es/viewer.vm?id=0000187436&page=1 ">http://bdh-rd.bne.es/viewer.vm?id=0000187436&page=1 </a>
Nota pública Biblioteca Digital Hispánica
Holdings
Estatus retirado Estado de pérdida Estado de daño No para préstamo Colección Biblioteca de origen Biblioteca actual Ubicación en estantería Fecha de adquisición Fuente de adquisición Total de préstamos Signatura topográfica completa Código de barras Visto por última vez Precio de reemplazo Tipo de ítem Koha
        Colección digital Biblioteca del Ateneo de Madrid Biblioteca del Ateneo de Madrid Sala Pardo Bazán 17/01/2008     B-2936 1160858 23/02/2023 23/02/2023 Libro impreso antiguo